Number 1-10 - Statistics

General Stats
  • This quiz has been taken 184 times
  • The average score is 10 of 10
Answer Stats
Hint Answer % Correct
# 1
100%
# 8
100%
# 9
100%
# 10
99%
# 2
99%
# 3
99%
# 4
99%
# 7
99%
# 5
97%
# 6
97%
No matching quizzes found
Score Distribution
Percent of People with Each Score
Percentile by Number Answered
Your Score History
You have not taken this quiz